000 00631nam a2200229Ia 4500
003 OSt
005 20221006164221.0
006 a|||||r|||| 00| 0
007 ta
008 221006b |||||||| |||| 00| 0 hin d
024 _a4,667
037 _cTextual
040 _aFML
_cFML
_bhin
041 _2hin
_ahin
082 _aO152, 1N:g, K3
100 _aJain Nirmala Au.
_9676869
245 0 _aAadhunik Hindi Kaavya Main Roop Vidhaiyen
260 _aDelhi
_bNational Publishing House India
_c1963
300 _a611
_ccm.
942 _hO152, 1N:g, K3
_cTEXL
_2CC
999 _c1116545
_d1116545